| 000 | 01523nam a2200325 a 4500 | ||
|---|---|---|---|
| 001 | 000017343 | ||
| 003 | DO-SdBNP | ||
| 005 | 20220913120001.0 | ||
| 008 | 100323s2009 dr 000 0 spa d | ||
| 020 | _a9789945427509 | ||
| 040 |
_aDO-SdBNP _bspa _cBNPHU |
||
| 082 | 4 |
_a305.42 _bM538m _222 |
|
| 100 | 1 |
_aMéndez, Antonio A., _d1960- _937997 |
|
| 245 | 1 | 3 |
_aLa mujer dominicana : _binmigrante en busca de la igualdad / _cAntonio A. Méndez. |
| 260 |
_aSanto Domingo : _bNacional, _c2009. |
||
| 300 |
_a217 p. ; _c23 cm. |
||
| 490 | 0 | _aUltramar | |
| 500 | _aIncluye referencias bibliográficas y notas al pie de las páginas | ||
| 504 | _aBibliografía: p. 211-217 | ||
| 505 | 0 |
_aIntroducción -- _tTeorías sobre la emigración -- _tEl movimiento feminista: en América Latina y República Dominicana -- _tDefiniendo el Estado: la aportación de la mujer -- _tLa realidad de la mujer latinoamericana -- _tLa realidad de la mujer en la República Dominicana -- _tLa mujer en la diáspora: la realidad de una vida transnacional -- _t La mujer dominicana: aquí y allá -- _tConclusión: apuntes para un futuro común. |
|
| 586 | _aPremio Letras de Ultramar Ensayo | ||
| 590 | _aInventariado, 2022/MFF | ||
| 650 | 4 |
_aMujeres inmigrantes _937998 |
|
| 650 | 4 |
_aFeminismo _zAmérica Latina _937999 |
|
| 650 | 4 |
_aFeminismo _zRepública Dominicana _938000 |
|
| 650 | 4 |
_aDominicanas _zEstados Unidos _938001 |
|
| 650 | 4 |
_aDominicanas _zAmérica Latina _912382 |
|
| 910 | _aValidado. Control de calidad MFF | ||
| 942 |
_2ddc _cLBS1 |
||
| 999 |
_c16868 _d16868 |
||